|
|
|
|
| LEADER |
00000cas a2200000 a 4500 |
| 001 |
vtls008872723 |
| 003 |
SK-MaSNL |
| 005 |
20260228162248.0 |
| 008 |
061103d1908191uxo ar|p 0 b0hun |
| 040 |
|
|
|a SNK
|b slo
|c SNK
|e AACR2
|
| 041 |
0 |
|
|a hun
|
| 044 |
|
|
|a xo
|c SK
|
| 072 |
|
7 |
|a 378
|x Vysoké školy
|2 konspekt
|
| 080 |
|
|
|a 378
|2 2011
|
| 080 |
|
|
|a 050
|2 2001
|
| 245 |
0 |
2 |
|a A Selmeczbányai M. Kir. Bányászati és erdészeti Föiskola Órarendjei ...
|
| 260 |
|
|
|a Selmeczbánya
|b Joerges Ágost Özvegye és Fia Könyvnyomdája
|c [1908]-[191-]
|
| 300 |
|
|
|a zv.
|
| 310 |
|
|
|a 1x ročne
|
| 362 |
0 |
|
|a [1908]-[191-]
|
| 650 |
0 |
7 |
|a vysoké školy
|2 SNKPH
|9 1277
|
| 655 |
|
7 |
|a časopisy
|2 SNKPH
|9 76610
|
| 752 |
|
|
|a Slovensko
|d Banská Štiavnica
|
| 910 |
|
|
|a snk
|
| 999 |
|
|
|c 7335
|d 9265
|
| 952 |
|
|
|0 0
|1 0
|4 0
|7 0
|8 1
|a SNK
|b SNK
|d 2006-11-03
|i snkD 276/84
|l 0
|o snkČSC 1155/1916-1917
|p 17A0527098
|r 2026-02-21 21:10:09
|w 2026-02-21
|y PREZ
|
| 952 |
|
|
|0 0
|1 0
|4 0
|7 0
|8 5
|a SNK
|b SNK
|d 2006-11-03
|i snkF 137/66
|l 0
|o snkČSC 1155/1908
|p 17A0523671
|r 2026-02-21 21:10:11
|w 2026-02-21
|y PREZ
|